| 000 | 00706pam a2200241 a 4500 | ||
|---|---|---|---|
| 001 | 3904507 | ||
| 005 | 20180813072110.0 | ||
| 008 | 910130s1991 njua b 001 0 eng | ||
| 010 | _a 91007920 | ||
| 020 | _z0505807616 | ||
| 040 |
_aDLC _cDLC _dDLC |
||
| 041 | _aeng | ||
| 043 | _an-us-ia | ||
| 080 | _a150.71 CAN | ||
| 082 | 0 | 0 |
_a150.71 CAN _220 |
| 100 | _a48 | ||
| 101 | _aPSI | ||
| 245 | 0 | 0 |
_aPsychology at Iowa : _cedited by Joan H.Cantor. |
| 504 | _aIncludes bibliographical references and indexes. | ||
| 906 |
_a7 _bcbc _corignew _d1 _eocip _f19 _gy-gencatlg |
||
| 942 |
_2ddc _cBK |
||
| 999 |
_c47037 _d47037 |
||